01819nam a22003857a 4500003000500000005001700005008004100022010001000063011001000073035001000083040000900093082001600102100004000118245010900158260010300267300001700370490002200387505024200409590004100651590004100692590004100733590004100774590004100815590004200856650002400898650002400922830002900946901000700975942001000982949007100992949007101063999001701134952014101151952014101292CHAP20220817042245.0971013s1932 r 00010 d a38857 a39829 a43954 cCHAP a972.08bM6500aMolina Enríquez, Andrés.977345 aEsbozo de la historia de los primeros diaz años de la revolución agraria en México, de 1910 a 1920 aMéxico, D.F. :bTalleres Gráficos del Museo Nacional de Arqueología y Etnografía,c1932-36 a5 v.b: ilus aEdición popular aContenido: v.1 Aspectos indios de la historia de México.- v.2 Aspectos criollos de la historia de México.- v.3 Aspectos mestizos de la historia de México.- v.4 La dictadura porfiriana.- v.5 El principio de la verdadera revolución aBATCH-UPDb10c20130110lUCH01h0141 aBATCH-UPDb10c20130110lUCH01h1849 aBATCH-UPDb10c20130409lUCH01h2139 aBATCH-UPDb10c20130410lUCH01h1219 aBATCH-UPDb10c20130914lUCH01h1235 aCONVERSIONb10c20130109lUCH01h132214aIndios de México.14aMéxicoxHistoria.0 aEdición popular935366 aBK cLIBRO a972.08 M65bBCcLIBROd33724000150694eLIBROfv.3h25856i43954si a972.08 M65bBCcLIBROd33724000150702eLIBROfv.1h25854i43954si c38857d38857 00102ddc4052708GRALaBCbBCcPP_GRALd2019-12-31fLIBROl0o972.08 M65p33724000150694r2019-12-31 00:00:00tv.3w2019-12-31yLIBRO 00102ddc4052708GRALaBCbBCcPP_GRALd2019-12-31fLIBROl0o972.08 M65p33724000150702r2019-12-31 00:00:00tv.1w2019-12-31yLIBRO